=LDR 00000nam 2200000 4500 =001 INLIS000000000048221 =005 20200429114121 =035 ##$$a 0010-091600000000038 =008 200429################g##########0#ind## =020 ##$$a 979-556-002-6 =082 ##$$a 2x3. 13 =090 ##$$a 2x3.13 Alj k =100 ##$$a AlJazairi, Abubakar Jabir =245 1#$$a kepribadian Muslimah /$c Abubakar Jabir Al-Jazairi =260 ##$$a Surabaya :$b Risalah Gusti,$c 1992 =300 ##$$a xvi, 150 hlm ; $c 12 x 18 cm =084 ##$$a 2x3. 13 ALJ k =250 ##$$a Cet. 1 =650 #4$$a Muslimah =990 ##$$a 00091483